[Event "World op 23rd"]
[Site "Philadelphia"]
[Date "1995.??.??"]
[Round "3"]
[White "Veach, Joseph"]
[Black "Cunningham, Robin J"]
[Result "1/2-1/2"]
[WhiteElo "2275"]
[BlackElo "2315"]
[PlyCount "24"]
[EventDate "1995.06.??"]
[EventType "swiss"]
[EventRounds "9"]
[EventCountry "USA"]
[SourceTitle "EXT 2000"]
[Source "ChessBase"]
[SourceDate "1999.11.16"]
[SourceVersion "1"]
[SourceVersionDate "1999.11.16"]
[SourceQuality "1"]

1. e4 Nf6 2. e5 Nd5 3. d4 d6 4. Nf3 dxe5 5. Nxe5 g6 6. Bc4 c6 7. Nc3 Bg7 8. Qf3 Be6 9. 0-0 Nd7 10. Nxd5 Nxe5 11. dxe5 Bxd5 12. Bxd5 Qxd5 1/2-1/2

[Event "World op 21st"]
[Site "Philadelphia"]
[Date "1993.??.??"]
[Round "?"]
[White "Langreck, John"]
[Black "Veach, Joseph"]
[Result "1/2-1/2"]
[WhiteElo "2245"]
[BlackElo "2295"]
[PlyCount "80"]
[EventDate "1993.??.??"]
[EventType "swiss"]
[EventRounds "9"]
[EventCountry "USA"]
[SourceTitle "EXT 1999"]
[Source "ChessBase"]
[SourceDate "1998.11.16"]
[SourceVersion "1"]
[SourceVersionDate "1998.11.16"]
[SourceQuality "1"]

1. e4 c5 2. Nf3 d6 3. d4 cxd4 4. Nxd4 Nf6 5. Nc3 g6 6. Be3 Bg7 7. f3 0-0 8. Qd2 Nc6 9. g4 Nxd4 10. Bxd4 Be6 11. 0-0-0 Qa5 12. h4 Rfc8 13. a3 a6 14. h5 b5 15. h6 Bh8 16. Nd5 Qxd2+ 17. Rxd2 Bxd5 18. exd5 Nd7 19. Bxh8 Kxh8 20. c3 Kg8 21. Kc2 Nb6 22. Be2 Rc5 23. Rhd1 Rac8 24. Rd4 Kf8 25. f4 Na4 26. R1d3 Nb6 27. Rd2 a5 28. Kb1 Nc4 29. Bxc4 Rxc4 30. a4 bxa4 31. Ka2 Ke8 32. Ka3 Kd7 33. R2d3 R8c7 34. Rxc4 Rxc4 35. Rd4 Rxd4 36. cxd4 Kc7 37. Kxa4 Kb6 38. b3 Ka6 39. b4 axb4 40. Kxb4 Kb6 1/2-1/2

[Event "World op 21st"]
[Site "Philadelphia"]
[Date "1993.??.??"]
[Round "?"]
[White "Yermolinsky, Alex"]
[Black "Veach, Joseph"]
[Result "1-0"]
[WhiteElo "2605"]
[BlackElo "2295"]
[PlyCount "179"]
[EventDate "1993.??.??"]
[EventType "swiss"]
[EventRounds "9"]
[EventCountry "USA"]
[SourceTitle "EXT 1999"]
[Source "ChessBase"]
[SourceDate "1998.11.16"]
[SourceVersion "1"]
[SourceVersionDate "1998.11.16"]
[SourceQuality "1"]

1. d4 Nf6 2. Nf3 d5 3. c4 e6 4. Nc3 Be7 5. Bg5 0-0 6. e3 h6 7. Bh4 Ne4 8. Bxe7 Qxe7 9. Rc1 c6 10. Bd3 Nxc3 11. Rxc3 Nd7 12. 0-0 e5 13. Bb1 exd4 14. Nxd4 Nb6 15. c5 Nc4 16. b3 Ne5 17. h3 f5 18. f4 Ng6 19. Qh5 Qf6 20. b4 Bd7 21. Kh2 Ne7 22. a3 Kh7 23. Qd1 g6 24. Qd2 Ng8 25. Nf3 Rae8 26. Qd4 Re7 27. Kg1 Rfe8 28. Qxf6 Nxf6 29. Ne5 Be6 30. Kf2 Nd7 31. Nf3 Kg7 32. Rg1 Nf6 33. Nd4 Bd7 34. Bc2 Kf7 35. Nf3 Be6 36. g4 Ne4+ 37. Bxe4 fxe4 38. Nd4 Kf6 39. h4 Bd7 40. g5+ hxg5 41. hxg5+ Kg7 42. Rh1 Rh8 43. Rcc1 Ree8 44. Kg2 Rxh1 45. Rxh1 Rh8 46. Rxh8 Kxh8 47. Kf2 Kg7 48. Ke2 Kf7 49. Kd2 Ke7 50. Kc3 Kf7 51. Nb3 Ke7 52. Kd4 Ke6 53. a4 a6 54. Nc1 Kf5 55. Ne2 Kg4 56. Nc3 Kf3 57. b5 axb5 58. axb5 Bf5 59. b6 Bc8 60. Na2 Kg4 61. Nc1 Kf3 62. Nb3 Kg4 63. Na5 Kf5 64. Kc3 Kg4 65. Kd2 Kf5 66. Ke2 Kg4 67. Kf2 Kh4 68. Ke1 Kg4 69. Ke2 Kf5 70. Kd2 Kg4 71. Kc3 Kf5 72. Kd4 Ke6 73. Nb3 Kf5 74. Nc1 Kg4 75. Ne2 Kf3 76. Nc3 Bd7 77. Nb1 Kg4 78. Nd2 Kf5 79. Nf1 Bc8 80. Ng3+ Kg4 81. Nxe4 dxe4 82. Kxe4 Bf5+ 83. Ke5 Bc2 84. Kd6 Bd3 85. e4 Bc4 86. Kc7 Ba6 87. e5 Kf5 88. Kd6 Bc4 89. e6 Bxe6 90. Kc7 1-0

[Event "World op 17th"]
[Site "Philadelphia"]
[Date "1989.??.??"]
[Round "9"]
[White "Fang, Joseph"]
[Black "Veach, Joseph"]
[Result "1-0"]
[WhiteElo "2280"]
[BlackElo "2395"]
[PlyCount "93"]
[EventDate "1989.06.??"]
[EventType "swiss"]
[EventRounds "10"]
[EventCountry "USA"]
[SourceTitle "EXT 1997"]
[Source "ChessBase"]
[SourceDate "1996.11.15"]
[SourceVersion "1"]
[SourceVersionDate "1996.11.15"]
[SourceQuality "1"]

1. d4 Nf6 2. c4 c5 3. d5 b5 4. cxb5 a6 5. Nc3 axb5 6. e4 b4 7. Nb5 d6 8. Bc4 g6 9. e5 dxe5 10. d6 exd6 11. Bg5 Bb7 12. Qb3 Bg7 13. 0-0-0 Ra6 14. Bxf7+ Kf8 15. Nf3 Bxf3 16. gxf3 Qd7 17. Bc4 Rb6 18. Qd3 Ne8 19. h4 Qf5 20. Qb3 Qd7 21. Qd3 h6 22. Be3 Qf5 23. Qd5 Na6 24. Qa8 b3 25. axb3 Nb4 26. Qe4 Qxe4 27. fxe4 Nc6 28. Rxd6 Nxd6 29. Bxc5 Nd4 30. Nxd4 exd4 31. Bxb6 Ke7 32. Bc5 Rc8 33. Ba3 Kd7 34. Rg1 Nxc4 35. bxc4 Rxc4+ 36. Kd2 Rc6 37. f4 Rf6 38. f5 g5 39. Kd3 Rb6 40. hxg5 hxg5 41. Rxg5 Be5 42. Kc4 Rh6 43. Kd5 Bh8 44. Rg3 Rh5 45. Rb3 Rh6 46. Bc5 Ra6 47. Rd3 1-0